Datum a čas kvízu

38 Celkem bodů Celkový počet nahraných bodů na tomto kvízu bez doplňovacích otázek.
2. Pořadí na kvízu Konečné umístění týmu na tomto kvízu.

Zaznamenané odpovědi

# Otázka Odpověď Body Výsledky
1. Prezident Miloš Zeman ve střed... Janáčkovu akademii múzických umění (JAMU) 0
2. Minulý týden se psalo o této k... Joe Biden (manželé Bidenovi) 1
3. Seriál Ordinace v růžové zahra... Petr Rychlý 1
4. Minulý týden získal jeden auto... Umí létat. 1
5. Uveďte jména vítězů mužské a ž... Rafael Nadal, Ashleigh Bartyová 0.5
6. Podíváme se na pět filmů, kter... Smrt krásných srnců, Ota Pavel 1
7. Špionážní thriller Tři dny Kon... Robert Redford 1
8. Animovaný film Hledá se Nemo s... Marlin, Dory 0.5
9. Následující film je z německé... My děti ze stanice Zoo 1
10. Na základě knižní předlohy spi... ...a kde je najít, Grindelwaldovy zločiny 0.5